[Event "Quebec op"]
[Site "Montreal"]
[Date "2023.08.03"]
[Round "7"]
[White "Duong, Thanh Binh"]
[Black "Zhu, Hong Rui"]
[Result "0-1"]
[WhiteElo "2116"]
[BlackElo "2176"]
[PlyCount "104"]
[EventDate "2023.07.29"]
[EventType "swiss"]
[EventRounds "9"]
[EventCountry "CAN"]
[SourceTitle "CBM 215 Extra"]
[Source "ChessBase"]
[SourceDate "2023.09.30"]
[SourceVersion "1"]
[SourceVersionDate "2023.09.30"]
[SourceQuality "1"]

1. Nf3 c5 2. c4 Nc6 3. Nc3 e5 4. g3 g6 5. Bg2 Bg7 6. 0-0 d6 7. a3 a5 8. Ne1 Be6 9. d3 Nge7 10. Nc2 d5 11. cxd5 Nxd5 12. Ne3 Nde7 13. Nc4 0-0 14. Qa4 Rb8 15. Be3 Nd4 16. Bxd4 exd4 17. Nb5 b6 18. Qc2 Qd7 19. a4 Nf5 20. Nd2 Bd5 21. Bxd5 Qxd5 22. Nf3 Rbc8 23. Rac1 Rfe8 24. Rfe1 h5 25. Na3 Bh6 26. Qc4 Qd8 27. Rc2 Rc6 28. Qb5 Rce6 29. Nc4 g5 30. Kf1 Qf6 31. Nxb6 g4 32. Nd7 Qd8 33. Nd2 Nd6 34. Qxc5 Qxd7 35. Qxd4 Qb7 36. e4 Bxd2 37. Rxd2 Rc8 38. Qe3 Qe7 39. Qf4 Rc5 40. Rde2 Qb7 41. Kg1 Qb4 42. h3 gxh3 43. Qe3 Kg7 44. Kh2 Nf5 45. Qd2 Nd4 46. Qxb4 axb4 47. Re3 Rc2 48. b3 Rf6 49. Kxh3 Rcxf2 50. e5 Rg6 51. Re4 Nf3 52. R4e2 Rxe2 0-1

[Event "Quebec op"]
[Site "Longueuil"]
[Date "2019.07.22"]
[Round "4"]
[White "Zhu, Hong Rui"]
[Black "Abdelaal, Ibrahim"]
[Result "1-0"]
[WhiteElo "2275"]
[BlackElo "1903"]
[PlyCount "103"]
[EventDate "2019.07.20"]
[EventType "swiss"]
[EventRounds "9"]
[EventCountry "CAN"]
[SourceTitle "CBM 191 Extra"]
[Source "ChessBase"]
[SourceDate "2019.09.30"]
[SourceVersion "1"]
[SourceVersionDate "2019.09.30"]
[SourceQuality "1"]

1. e4 d5 2. exd5 Nf6 3. d4 Nxd5 4. Nf3 Bg4 5. Be2 e6 6. 0-0 Be7 7. c4 Nf6 8. Be3 0-0 9. h3 Bh5 10. Qb3 Nbd7 11. Nc3 c5 12. Qxb7 Rb8 13. Qxa7 Ra8 14. Qb7 Rb8 15. Qa7 Ra8 16. Qb7 Rb8 17. Qc6 Rb6 18. Qa4 Rxb2 19. Rfb1 Qb8 20. Qa3 Rxb1+ 21. Rxb1 Qa8 22. Qxa8 Rxa8 23. Rb7 cxd4 24. Bxd4 Bc5 25. g4 Bg6 26. Rc7 Bd6 27. Ra7 Rxa7 28. Bxa7 Kf8 29. Nd4 Ne4 30. Nxe4 Bxe4 31. Nb5 Bc5 32. Bxc5+ Nxc5 33. f3 Bb1 34. Nc3 Bc2 35. h4 Ke7 36. Kf2 Kd6 37. Nb5+ Ke5 38. Ke3 Bb1 39. g5 h6 40. f4+ Kf5 41. Nd6+ Kg6 42. h5+ Kh7 43. Kd4 Nd7 44. a4 hxg5 45. fxg5 f5 46. a5 Bc2 47. a6 Ba4 48. Bf3 e5+ 49. Kc3 e4 50. Nxe4 fxe4 51. Bxe4+ Kg8 52. a7 1-0

[Event "Laval op"]
[Site "Laval"]
[Date "2019.06.22"]
[Round "2"]
[White "Turcotte, Jonathan"]
[Black "Zhu, Hong Rui"]
[Result "1/2-1/2"]
[WhiteElo "1982"]
[BlackElo "2275"]
[PlyCount "59"]
[EventDate "2019.06.21"]
[EventType "swiss"]
[EventRounds "5"]
[EventCountry "CAN"]
[SourceTitle "CBM 191 Extra"]
[Source "ChessBase"]
[SourceDate "2019.09.30"]
[SourceVersion "1"]
[SourceVersionDate "2019.09.30"]
[SourceQuality "1"]

1. d4 d5 2. c4 e6 3. Nf3 c6 4. Bg5 f6 5. Bd2 Bd6 6. Nc3 f5 7. Bg5 Nf6 8. e3 0-0 9. Bd3 Nbd7 10. cxd5 cxd5 11. 0-0 a6 12. Qe2 Qe8 13. Bf4 Qe7 14. Rac1 Ne4 15. Rc2 Nb6 16. Bxd6 Qxd6 17. Ne5 Bd7 18. Rfc1 Rfc8 19. f3 Ng5 20. h4 Nf7 21. f4 Nxe5 22. fxe5 Qe7 23. Qf2 Rc6 24. Ne2 Rac8 25. Rxc6 Rxc6 26. Rxc6 Bxc6 27. Nf4 Bd7 28. b3 Qb4 29. Kf1 Qc3 30. Qc2 1/2-1/2

[Event "Laval op"]
[Site "Laval"]
[Date "2018.06.23"]
[Round "2"]
[White "Zhu, Hong Rui"]
[Black "Marchand, Jacques"]
[Result "1/2-1/2"]
[WhiteElo "2293"]
[BlackElo "1802"]
[PlyCount "87"]
[EventDate "2018.06.22"]
[EventType "swiss"]
[EventRounds "5"]
[EventCountry "CAN"]
[SourceTitle "CBM 185 Extra"]
[Source "ChessBase"]
[SourceDate "2018.07.29"]
[SourceVersion "1"]
[SourceVersionDate "2018.07.29"]
[SourceQuality "1"]

1. e4 e5 2. Nf3 Nc6 3. d4 exd4 4. Bc4 d6 5. c3 Ne5 6. Nxe5 dxe5 7. Qb3 Qe7 8. cxd4 Qb4+ 9. Nd2 Qxb3 10. Nxb3 Bb4+ 11. Bd2 Bxd2+ 12. Kxd2 exd4 13. Nxd4 Bd7 14. Kc2 Ne7 15. Rad1 0-0-0 16. Rd2 Nc6 17. Rhd1 Nxd4+ 18. Rxd4 Be6 19. Bxe6+ fxe6 20. Kc3 e5 21. Rxd8+ Rxd8 22. Rxd8+ Kxd8 23. Kc4 c6 24. h4 Kd7 25. b4 h5 26. g3 Kd6 27. a4 b6 28. f4 a6 29. fxe5+ Kxe5 30. a5 bxa5 31. bxa5 Kxe4 32. Kc5 Kf3 33. Kb6 c5 34. Kxc5 Kxg3 35. Kb6 Kxh4 36. Kxa6 g5 37. Kb5 g4 38. a6 g3 39. a7 g2 40. a8Q g1Q 41. Kc4 Qg4+ 42. Kd3 Kg3 43. Qb8+ Qf4 44. Qxf4+ 1/2-1/2

[Event "Montreal Ligue elite du dimanche"]
[Site "Montreal"]
[Date "2018.05.27"]
[Round "2"]
[White "Zhu, Hong Rui"]
[Black "Rodrigue Lemieux, Shawn"]
[Result "0-1"]
[WhiteElo "2298"]
[BlackElo "2330"]
[PlyCount "92"]
[EventDate "2018.05.26"]
[EventType "swiss"]
[EventRounds "3"]
[EventCountry "CAN"]
[SourceTitle "EXT 2022"]
[Source "ChessBase"]
[SourceDate "2021.10.06"]
[SourceVersion "1"]
[SourceVersionDate "2021.10.06"]
[SourceQuality "1"]
[WhiteTeam "Grinders"]
[BlackTeam "PODY"]
[WhiteTeamCountry "CAN"]
[BlackTeamCountry "CAN"]

1. e4 c6 2. d4 d5 3. exd5 cxd5 4. Bd3 Nc6 5. c3 Qc7 6. Ne2 Bg4 7. f3 Bd7 8. f4 g6 9. 0-0 Nh6 10. Qb3 e6 11. Nd2 Bg7 12. Nf3 0-0 13. h3 b5 14. a3 a5 15. g4 f5 16. g5 Nf7 17. h4 Rfc8 18. h5 Nd6 19. Ne5 Be8 20. hxg6 hxg6 21. Bd2 Nc4 22. Bxc4 dxc4 23. Qd1 a4 24. Qe1 Rd8 25. Rd1 Qb6 26. Qg3 Nxe5 27. fxe5 Bc6 28. Nf4 Kf7 29. Be3 Qb7 30. Rd2 Rh8 31. d5 Bxd5 32. Rxd5 exd5 33. e6+ Kg8 34. Nxg6 Rh7 35. Rxf5 d4 36. Rd5 Rh1+ 37. Kf2 dxe3+ 38. Qxe3 Re8 39. Rd7 Rh2+ 40. Kg3 Qg2+ 41. Kf4 Qf1+ 42. Kg4 Qg2+ 43. Kf4 Rf8+ 44. Nxf8 Rh4+ 45. Kf5 Qg4+ 46. Kg6 Rh6# 0-1

[Event "Quebec-ch U18"]
[Site "Montreal"]
[Date "2017.03.05"]
[Round "6"]
[White "Cote, Frederic"]
[Black "Zhu, Hong Rui"]
[Result "0-1"]
[WhiteElo "1414"]
[BlackElo "2313"]
[PlyCount "82"]
[EventDate "2017.03.04"]
[EventType "tourn"]
[EventRounds "6"]
[EventCountry "CAN"]
[SourceTitle "EXT 2022"]
[Source "ChessBase"]
[SourceDate "2021.10.06"]
[SourceVersion "1"]
[SourceVersionDate "2021.10.06"]
[SourceQuality "1"]

1. Nf3 c5 2. c4 Nc6 3. d4 cxd4 4. Nxd4 g6 5. e3 Bg7 6. Nc3 Nf6 7. Be2 0-0 8. 0-0 Nxd4 9. exd4 d5 10. h3 Be6 11. Bf3 Rc8 12. c5 b6 13. b4 Ne4 14. Ne2 bxc5 15. bxc5 Rxc5 16. Ba3 Rc4 17. Rc1 Ng5 18. Bg4 Bxg4 19. hxg4 Rxc1 20. Qxc1 Ne6 21. Rd1 Qd7 22. Bb4 Rb8 23. a3 Rc8 24. Qe3 Rc4 25. f4 Kf8 26. f5 Nd8 27. fxg6 hxg6 28. Qf3 Kg8 29. Bc5 Ne6 30. Rf1 Bf6 31. Bxe7 Bxd4+ 32. Nxd4 Qxe7 33. Nf5 gxf5 34. gxf5 Ng5 35. Qg3 Qf6 36. Qb8+ Kg7 37. Qg3 Rh4 38. Rf3 Qd4+ 39. Rf2 Rg4 40. f6+ Kg6 41. Qb3 Ne4 0-1

[Event "Quebec-ch U18"]
[Site "Montreal"]
[Date "2017.03.05"]
[Round "5"]
[White "Zhu, Hong Rui"]
[Black "Saha, Ananda"]
[Result "1-0"]
[WhiteElo "2313"]
[BlackElo "2088"]
[PlyCount "123"]
[EventDate "2017.03.04"]
[EventType "tourn"]
[EventRounds "6"]
[EventCountry "CAN"]
[SourceTitle "EXT 2022"]
[Source "ChessBase"]
[SourceDate "2021.10.06"]
[SourceVersion "1"]
[SourceVersionDate "2021.10.06"]
[SourceQuality "1"]

1. e4 c5 2. Ne2 e6 3. g3 Nc6 4. Bg2 d6 5. c3 g6 6. d4 cxd4 7. cxd4 Bg7 8. Nbc3 Nge7 9. 0-0 0-0 10. Bf4 a6 11. Qd2 e5 12. Be3 f5 13. Bg5 Qe8 14. dxe5 dxe5 15. Rad1 Qf7 16. b3 h6 17. Bxh6 f4 18. Bxg7 Kxg7 19. f3 Be6 20. Na4 g5 21. Nc5 Rh8 22. Nxe6+ Qxe6 23. Qd7 Qxd7 24. Rxd7 b5 25. Rfd1 Rad8 26. h4 Rxd7 27. Rxd7 gxh4 28. gxf4 exf4 29. Nxf4 Kf7 30. Kf2 Ke8 31. Rd6 a5 32. Bh3 Ne5 33. Re6 N5c6 34. Bg4 Kf7 35. Ke3 Nb4 36. a3 Nc2+ 37. Kd2 Nd4 38. Rxe7+ Kxe7 39. Ng6+ Kf6 40. Nxh8 Kg7 41. Kc3 Ne2+ 42. Kd2 Nf4 43. Ke3 h3 44. Bxh3 Nxh3 45. Kd4 Kxh8 46. Kc5 Kg7 47. Kxb5 Kf6 48. Kxa5 Ke7 49. Kb6 Kd7 50. e5 Ng5 51. f4 Ne6 52. f5 Nd4 53. b4 Nxf5 54. a4 Ne3 55. e6+ Kxe6 56. Kc6 Nd5 57. b5 Ne7+ 58. Kb7 Kd7 59. a5 Nc8 60. b6 Nd6+ 61. Ka7 Kc8 62. Ka8 1-0

[Event "Montreal Varennes op"]
[Site "Montreal"]
[Date "2016.10.08"]
[Round "2"]
[White "Robichaud, Louis"]
[Black "Zhu, Hong Rui"]
[Result "1/2-1/2"]
[WhiteElo "2045"]
[BlackElo "2304"]
[PlyCount "72"]
[EventDate "2016.10.07"]
[EventType "swiss"]
[EventRounds "5"]
[EventCountry "CAN"]
[SourceTitle "CBM 175 Extra"]
[Source "ChessBase"]
[SourceDate "2016.12.12"]
[SourceVersion "1"]
[SourceVersionDate "2016.12.12"]
[SourceQuality "1"]

1. e4 c5 2. d3 Nc6 3. g3 g6 4. Bg2 Bg7 5. f4 e6 6. Nf3 Nge7 7. 0-0 0-0 8. c3 d5 9. Na3 b6 10. e5 Ba6 11. Be3 Rc8 12. Bf2 Qd7 13. Re1 Rc7 14. Nc2 Rd8 15. d4 cxd4 16. Nfxd4 Nxd4 17. Nxd4 Nc6 18. Bf1 Bxf1 19. Kxf1 Nxd4 20. Bxd4 Rb8 21. Qe2 Qa4 22. a3 Bf8 23. Rad1 Qb3 24. Rd2 b5 25. h4 Bc5 26. Bxc5 Rxc5 27. h5 Qc4 28. h6 Qxe2+ 29. Kxe2 Rc4 30. Rd4 Rxd4 31. cxd4 Rc8 32. Kd3 Kf8 33. g4 Ke7 34. g5 Kd7 35. b3 Rc6 36. Kd2 Kc7 1/2-1/2

[Event "Windsor NAYCC U18"]
[Site "Windsor"]
[Date "2016.08.10"]
[Round "7.7"]
[White "Doknjas, John"]
[Black "Zhu, Hong Rui"]
[Result "1/2-1/2"]
[WhiteElo "2200"]
[BlackElo "2232"]
[PlyCount "113"]
[EventDate "2016.08.07"]
[EventType "swiss"]
[EventRounds "9"]
[EventCountry "CAN"]
[SourceTitle "EXT 2022"]
[Source "ChessBase"]
[SourceDate "2021.10.06"]
[SourceVersion "1"]
[SourceVersionDate "2021.10.06"]
[SourceQuality "1"]

1. d4 d5 2. c4 e6 3. Nf3 c6 4. e3 Bd6 5. Bd3 f5 6. 0-0 Nf6 7. b3 Qe7 8. Bb2 0-0 9. Qc1 b6 10. Ba3 Bb7 11. Bxd6 Qxd6 12. Nc3 Nbd7 13. Rd1 Rac8 14. Qb2 Qe7 15. Rac1 Kh8 16. cxd5 cxd5 17. Ne2 Nb8 18. Nf4 Nfd7 19. h4 Rfe8 20. Bb5 a6 21. Bxd7 Nxd7 22. Rxc8 Rxc8 23. Rc1 Nf8 24. Rxc8 Bxc8 25. Qc3 Bb7 26. b4 Kg8 27. Ne5 Qd6 28. a4 Nd7 29. Nxd7 Qxd7 30. a5 bxa5 31. bxa5 Bc6 32. Nd3 Qd6 33. Ne5 Bd7 34. Qc5 Qxc5 35. dxc5 Bc8 36. Nc6 Kf7 37. Na7 Bd7 38. c6 Ke7 39. c7 Kd6 40. c8Q Bxc8 41. Nxc8+ Kc6 42. Nb6 Kb5 43. Kf1 Kxa5 44. Nd7 Kb4 45. Ke2 Kc4 46. Ne5+ Kc3 47. Nc6 g6 48. g3 Kb2 49. Kd2 Kb1 50. f3 h5 51. Ne5 a5 52. Kc3 a4 53. Kb4 Kc2 54. Nxg6 Kd3 55. Nf4+ Kxe3 56. Nxh5 d4 57. Nf4 1/2-1/2

[Event "Windsor NAYCC U18"]
[Site "Windsor"]
[Date "2016.08.09"]
[Round "4.3"]
[White "Zhu, Hong Rui"]
[Black "Peng, David T"]
[Result "0-1"]
[WhiteElo "2232"]
[BlackElo "2261"]
[PlyCount "66"]
[EventDate "2016.08.07"]
[EventType "swiss"]
[EventRounds "9"]
[EventCountry "CAN"]
[SourceTitle "EXT 2022"]
[Source "ChessBase"]
[SourceDate "2021.10.06"]
[SourceVersion "1"]
[SourceVersionDate "2021.10.06"]
[SourceQuality "1"]

1. e4 c5 2. Ne2 d6 3. g3 g6 4. Bg2 Bg7 5. c3 Nc6 6. d4 cxd4 7. cxd4 Qb6 8. Nbc3 Nxd4 9. Nd5 Qc5 10. Nxd4 Bxd4 11. Be3 Bxe3 12. fxe3 Qa5+ 13. b4 Qd8 14. Rc1 Kf8 15. Nc7 Bg4 16. Qxg4 Rc8 17. Qxc8 Qxc8 18. 0-0 Nf6 19. Nd5 Qe6 20. Nxf6 exf6 21. Rc7 Qxa2 22. Rxf6 Kg7 23. Rf2 Qb1+ 24. Rf1 Qb3 25. Kh1 b5 26. Rxa7 Rf8 27. Rb7 Qxb4 28. h4 Qb3 29. Kh2 Rc8 30. Rf2 b4 31. Re2 Rc3 32. Kh3 Qe6+ 33. Kh2 b3 0-1

[Event "Pan American-ch U18 27th"]
[Site "Montevideo"]
[Date "2016.07.29"]
[Round "7"]
[White "Escalante Ramirez, Brian Sebastian"]
[Black "Zhu, Hong Rui"]
[Result "1/2-1/2"]
[WhiteElo "2305"]
[BlackElo "2232"]
[PlyCount "69"]
[EventDate "2016.07.25"]
[EventType "swiss"]
[EventRounds "9"]
[EventCountry "URU"]
[SourceTitle "CBM 173 Extra"]
[Source "ChessBase"]
[SourceDate "2016.08.29"]
[SourceVersion "1"]
[SourceVersionDate "2016.08.29"]
[SourceQuality "1"]

1. e4 c5 2. Nf3 d6 3. d4 cxd4 4. Nxd4 Nf6 5. Nc3 g6 6. Be3 Bg7 7. f3 Nc6 8. Qd2 0-0 9. 0-0-0 d5 10. exd5 Nxd5 11. Nxc6 bxc6 12. Bd4 e5 13. Bc5 Be6 14. Ne4 Re8 15. h4 h6 16. h5 g5 17. c4 Nf6 18. Qxd8 Rexd8 19. Rxd8+ Rxd8 20. Be7 Nxe4 21. Bxd8 Ng3 22. Rg1 Nxf1 23. Rxf1 Bxc4 24. Rd1 Bxa2 25. Rd6 Bd5 26. Bf6 Bxf6 27. Rxf6 Kg7 28. Rd6 e4 29. fxe4 Bxe4 30. g3 Bf3 31. Kd2 a5 32. Ke3 Bxh5 33. Rd4 f6 34. Ra4 Bf7 35. Rxa5 1/2-1/2

[Event "Pan American-ch U18 27th"]
[Site "Montevideo"]
[Date "2016.07.27"]
[Round "4"]
[White "Kimelman, Gabriel"]
[Black "Zhu, Hong Rui"]
[Result "0-1"]
[WhiteElo "2167"]
[BlackElo "2232"]
[PlyCount "68"]
[EventDate "2016.07.25"]
[EventType "swiss"]
[EventRounds "9"]
[EventCountry "URU"]
[SourceTitle "CBM 173 Extra"]
[Source "ChessBase"]
[SourceDate "2016.08.29"]
[SourceVersion "1"]
[SourceVersionDate "2016.08.29"]
[SourceQuality "1"]

1. c4 c5 2. Nc3 Nc6 3. g3 g6 4. Bg2 Bg7 5. Nf3 e5 6. 0-0 d6 7. a3 a5 8. Ne1 Be6 9. Nd5 Nge7 10. Nc2 0-0 11. d3 Rb8 12. b4 b5 13. Bg5 h6 14. Bxe7 Nxe7 15. Nxe7+ Qxe7 16. bxc5 dxc5 17. Ne3 e4 18. Rb1 exd3 19. exd3 b4 20. Qa4 Qc7 21. Nd5 Bxd5 22. Bxd5 Bc3 23. Qc2 Kg7 24. axb4 axb4 25. Kg2 Rfe8 26. Qd1 Re7 27. Qf3 Qa7 28. h4 h5 29. Qf4 Rb6 30. Qc1 Qa2 31. d4 Bxd4 32. Qf4 Rf6 33. Qg5 Be3 34. Ra1 Rxf2+ 0-1

[Event "Montreal Ligue elite du dimanche"]
[Site "Montreal"]
[Date "2016.05.15"]
[Round "7"]
[White "Zhu, Hong Rui"]
[Black "Sprumont, Oscar"]
[Result "1/2-1/2"]
[WhiteElo "2266"]
[BlackElo "2148"]
[PlyCount "71"]
[EventDate "2016.01.31"]
[EventType "swiss"]
[EventRounds "7"]
[EventCountry "CAN"]
[SourceTitle "EXT 2022"]
[Source "ChessBase"]
[SourceDate "2021.10.06"]
[SourceVersion "1"]
[SourceVersionDate "2021.10.06"]
[SourceQuality "1"]

1. e4 e5 2. Nf3 Nc6 3. d4 exd4 4. Bc4 Nf6 5. e5 d5 6. Bb5 Ne4 7. Nxd4 Bc5 8. Be3 Bd7 9. Bxc6 bxc6 10. 0-0 Qe7 11. Re1 0-0 12. f3 Ng5 13. f4 Ne4 14. Nd2 Nxd2 15. Qxd2 Bxd4 16. Qxd4 Bf5 17. c3 Qe6 18. Rac1 Be4 19. c4 f6 20. cxd5 Bxd5 21. b3 a6 22. Qb2 fxe5 23. Qxe5 Qg6 24. Qg5 Qxg5 25. fxg5 Rf5 26. g3 a5 27. Rc2 Re8 28. Bf2 Rxe1+ 29. Bxe1 Rxg5 30. Rc5 Re5 31. Kf2 a4 32. bxa4 Re4 33. a5 Ra4 34. Rc2 Kf7 35. Ke3 Ke6 36. Ke2 1/2-1/2

[Event "Montreal McGill Cup"]
[Site "Montreal"]
[Date "2016.04.29"]
[Round "1"]
[White "Zhu, Hong Rui"]
[Black "Durette, Francis"]
[Result "1-0"]
[WhiteElo "2273"]
[BlackElo "1929"]
[PlyCount "95"]
[EventDate "2016.04.29"]
[EventType "swiss"]
[EventRounds "5"]
[EventCountry "CAN"]
[SourceTitle "CBM 172 Extra"]
[Source "ChessBase"]
[SourceDate "2016.06.21"]
[SourceVersion "1"]
[SourceVersionDate "2016.06.21"]
[SourceQuality "1"]

1. e4 e5 2. Nf3 Nc6 3. d4 exd4 4. Bc4 d6 5. 0-0 Be7 6. Nxd4 Nf6 7. Nxc6 bxc6 8. Nc3 0-0 9. Bf4 Be6 10. Bxe6 fxe6 11. Qe2 Rb8 12. Rab1 Nd7 13. Bg3 Nb6 14. a4 a5 15. Rbd1 Qe8 16. b3 Qg6 17. Qa6 Bf6 18. e5 dxe5 19. Qd3 Qxd3 20. Rxd3 Rfd8 21. Rxd8+ Rxd8 22. Rd1 Rxd1+ 23. Nxd1 Kf7 24. f3 Nd5 25. Be1 Nb4 26. Bxb4 axb4 27. Nf2 Ke7 28. Ne4 Kd7 29. Kf2 Be7 30. Ke3 c5 31. Kd3 Kc6 32. Kc4 Kb6 33. Nf2 Bd6 34. h3 h6 35. Ng4 Ka5 36. Kd3 h5 37. Ne3 Kb6 38. Ke4 Kb7 39. Nc4 Kc6 40. Nxe5+ Bxe5 41. Kxe5 Kd7 42. h4 g6 43. g4 Ke7 44. g5 c6 45. f4 Kd7 46. a5 Kc7 47. Kxe6 Kb7 48. f5 1-0

[Event "Gatineau op"]
[Site "Gatineau"]
[Date "2016.03.06"]
[Round "4"]
[White "Zhu, Hong Rui"]
[Black "Sambuev, Bator"]
[Result "0-1"]
[WhiteElo "2237"]
[BlackElo "2586"]
[PlyCount "62"]
[EventDate "2016.03.04"]
[EventType "swiss"]
[EventRounds "5"]
[EventCountry "CAN"]
[SourceTitle "EXT 2022"]
[Source "ChessBase"]
[SourceDate "2021.10.06"]
[SourceVersion "1"]
[SourceVersionDate "2021.10.06"]
[SourceQuality "1"]

1. e4 e5 2. Nf3 d6 3. d4 Nf6 4. dxe5 Nxe4 5. Nbd2 Nxd2 6. Bxd2 Be7 7. Bf4 d5 8. Bd3 Bg4 9. 0-0 Nd7 10. c3 Nc5 11. Bb1 c6 12. Bg3 Ne4 13. Qd3 h5 14. Nd4 h4 15. Bf4 h3 16. g3 Qb6 17. b4 c5 18. Nb5 Be6 19. f3 Nxg3 20. Bxg3 c4+ 21. Qd4 Qxb5 22. f4 f5 23. exf6 Bxf6 24. Bg6+ Kf8 25. Qd2 Bf7 26. f5 Rd8 27. Bf2 d4 28. Bxd4 Rxd4 29. cxd4 Qd5 30. Rf4 Bg5 31. Re1 Bxf4 0-1